[Event "MNE-ch 76th"]
[Site "Podgorica"]
[Date "2024.02.15"]
[Round "11"]
[White "Draskovic, Luka"]
[Black "Vukcevic, Nemanja"]
[Result "1/2-1/2"]
[WhiteElo "2485"]
[BlackElo "2275"]
[PlyCount "34"]
[EventDate "2024.02.06"]
[EventType "swiss"]
[EventRounds "11"]
[EventCountry "MNE"]
[SourceTitle "CB08_2024"]
[SourceDate "2024.02.21"]
[SourceVersion "1"]
[SourceVersionDate "2024.02.21"]
[SourceQuality "1"]

1. e4 c5 2. Nf3 d6 3. Bb5+ Nd7 4. a4 Ngf6 5. Nc3 g6 6. a5 Bg7 7. 0-0 a6 8. Be2 0-0 9. d3 b5 10. axb6 a5 11. Qd2 Bb7 12. Qg5 Qxb6 13. Qh4 Bc6 14. Ra2 Rfb8 15. Bh6 Nf8 16. Bxg7 Kxg7 17. Rfa1 Qc7 1/2-1/2

[Event "MNE-ch 76th"]
[Site "Podgorica"]
[Date "2024.02.13"]
[Round "9"]
[White "Draskovic, Luka"]
[Black "Smirnov, Artem"]
[Result "1/2-1/2"]
[WhiteElo "2485"]
[BlackElo "2406"]
[PlyCount "35"]
[EventDate "2024.02.06"]
[EventType "swiss"]
[EventRounds "11"]
[EventCountry "MNE"]
[SourceTitle "CB08_2024"]
[SourceDate "2024.02.21"]
[SourceVersion "1"]
[SourceVersionDate "2024.02.21"]
[SourceQuality "1"]

1. c4 e5 2. Nc3 Nf6 3. Nf3 Nc6 4. e4 Bc5 5. Nxe5 Nxe5 6. d4 Bb4 7. dxe5 Nxe4 8. Qf3 Nxc3 9. bxc3 Ba5 10. Be2 d6 11. Ba3 0-0 12. 0-0 Bd7 13. exd6 Bc6 14. Qg3 cxd6 15. Rad1 Re8 16. Bf3 Bxf3 17. Qxf3 Qc7 18. Bxd6 1/2-1/2

[Event "EU-ch Blitz"]
[Site "Zagreb"]
[Date "2023.12.16"]
[Round "8"]
[White "Draskovic, Luka"]
[Black "Muter, Donny"]
[Result "1/2-1/2"]
[WhiteElo "2481"]
[BlackElo "2206"]
[PlyCount "113"]
[EventDate "2023.12.16"]
[EventType "swiss (blitz)"]
[EventRounds "13"]
[EventCountry "CRO"]
[SourceTitle "CB51_2023"]
[SourceDate "2023.12.20"]
[SourceVersion "1"]
[SourceVersionDate "2023.12.20"]
[SourceQuality "1"]

1. e4 d6 2. d4 Nf6 3. Nc3 c6 4. Nf3 Bg4 5. Be3 Nbd7 6. Qd2 e5 7. Be2 Qc7 8. h3 Bh5 9. 0-0 Be7 10. a4 0-0 11. Nh4 Bg6 12. Nxg6 hxg6 13. Rad1 Rfe8 14. Bc4 a6 15. Bb3 b5 16. Qd3 Rac8 17. axb5 axb5 18. d5 b4 19. dxc6 Qxc6 20. Nd5 Nxd5 21. Qxd5 Qxd5 22. Rxd5 Nf6 23. Rb5 Nxe4 24. Ra1 Rc7 25. Bb6 Rcc8 26. Rxb4 d5 27. Rb5 Nf6 28. Bxd5 Rxc2 29. Be3 Nxd5 30. Rxd5 Rb8 31. Ra7 Bf6 32. Rdd7 Rcxb2 33. Rxf7 Rf8 34. Rfc7 e4 35. g4 Rb1+ 36. Kg2 g5 37. Bxg5 Bd4 38. Be3 Bxa7 39. Rxa7 Rb4 40. Re7 Rc4 41. Rd7 Rf7 42. Rd8+ Rf8 43. Rd7 Rf7 44. Rd5 Re7 45. h4 Rcc7 46. h5 Rcd7 47. Rg5 Kh7 48. Ra5 Re6 49. g5 Re8 50. Kg3 Kg8 51. Kg4 Rf7 52. g6 Rd7 53. Rf5 Rf8 54. Rxf8+ Kxf8 55. Kf5 Rd5+ 56. Kg4 Kg8 57. Bf4 1/2-1/2

[Event "EU-chT 24th"]
[Site "Budva"]
[Date "2023.11.18"]
[Round "7.4"]
[White "Baidetsky, Valentin"]
[Black "Draskovic, Luka"]
[Result "1-0"]
[WhiteElo "2478"]
[BlackElo "2476"]
[PlyCount "77"]
[EventDate "2023.11.11"]
[EventType "team-swiss"]
[EventRounds "9"]
[EventCountry "MNE"]
[SourceTitle "CB47_2023"]
[SourceDate "2023.11.22"]
[SourceVersion "1"]
[SourceVersionDate "2023.11.22"]
[SourceQuality "1"]
[WhiteTeam "Austria"]
[BlackTeam "Montenegro"]
[WhiteTeamCountry "AUT"]
[BlackTeamCountry "MNE"]

1. e4 c5 2. Nf3 d6 3. d4 cxd4 4. Nxd4 Nf6 5. Nc3 Nc6 6. Bg5 Bd7 7. Nxc6 Bxc6 8. Bxf6 gxf6 9. Bb5 Bxb5 10. Nxb5 Qa5+ 11. Nc3 e6 12. 0-0 a6 13. a4 Rc8 14. Ra3 Be7 15. Rb3 Rc7 16. Qf3 Qe5 17. Rd1 Rg8 18. g3 Kf8 19. Kg2 Kg7 20. Ne2 Kh8 21. c3 Rd8 22. Rb4 Rdc8 23. Rbd4 Rc5 24. b4 R5c7 25. h4 a5 26. Qd3 Qh5 27. Rb1 Ra8 28. bxa5 Qxa5 29. Rb5 Qa6 30. Qe3 Qc6 31. Rh5 Rg8 32. Kh2 Qa6 33. e5 Rg7 34. exd6 Bxd6 35. Qd2 Rc6 36. c4 Qb6 37. c5 Rxc5 38. Rxd6 Rd5 39. Qxd5 1-0

[Event "EU-chT 24th"]
[Site "Budva"]
[Date "2023.11.11"]
[Round "1.2"]
[White "Ter Sahakyan, Samvel"]
[Black "Draskovic, Luka"]
[Result "1/2-1/2"]
[WhiteElo "2618"]
[BlackElo "2476"]
[PlyCount "93"]
[EventDate "2023.11.11"]
[EventType "team-swiss"]
[EventRounds "9"]
[EventCountry "MNE"]
[SourceTitle "CB47_2023"]
[SourceDate "2023.11.22"]
[SourceVersion "1"]
[SourceVersionDate "2023.11.22"]
[SourceQuality "1"]
[WhiteTeam "Armenia"]
[BlackTeam "Montenegro"]
[WhiteTeamCountry "ARM"]
[BlackTeamCountry "MNE"]

1. e4 c5 2. Nf3 d6 3. d4 cxd4 4. Nxd4 Nf6 5. Nc3 Nc6 6. Bg5 Bd7 7. Qd2 a6 8. 0-0-0 e6 9. Kb1 Nxd4 10. Qxd4 Be7 11. f3 Qc7 12. Qd2 b5 13. g4 h5 14. gxh5 Nxh5 15. Rg1 Bc6 16. Ne2 Nf6 17. Nd4 Bb7 18. h4 g6 19. Bh3 e5 20. Ne2 Rd8 21. Ng3 Nh5 22. Nxh5 Rxh5 23. Bg4 Rh8 24. Qf2 Bxg5 25. hxg5 Ke7 26. Rd3 Qc5 27. Qg3 b4 28. Rc1 a5 29. c3 b3 30. axb3 Qb5 31. c4 Qc5 32. Qg1 Bc6 33. Rcd1 Rhf8 34. Qe3 Rh8 35. Qd2 Rh4 36. Ka1 Rhh8 37. Qc3 Rh4 38. Ka2 Rh2 39. Ka1 Rf2 40. Ka2 Rg2 41. Ka1 Rf2 42. Qe1 Rc2 43. Kb1 Rg2 44. Qh1 Re2 45. Qf1 Rf2 46. Qe1 Rg2 47. Qf1 1/2-1/2

[Event "BIH-chT 21st"]
[Site "Sarajevo"]
[Date "2023.11.03"]
[Round "4.2"]
[White "Milosevic, Milos"]
[Black "Draskovic, Luka"]
[Result "1/2-1/2"]
[WhiteElo "2362"]
[BlackElo "2476"]
[PlyCount "50"]
[EventDate "2023.10.31"]
[EventType "team-tourn"]
[EventRounds "9"]
[EventCountry "BIH"]
[SourceTitle "Mega2024 Update 01"]
[Source "Chessbase"]
[SourceDate "2023.11.12"]
[SourceVersion "1"]
[SourceVersionDate "2023.11.12"]
[SourceQuality "1"]
[WhiteTeam "Bihac"]
[BlackTeam "Sarajevo SK"]
[WhiteTeamCountry "BIH"]
[BlackTeamCountry "BIH"]

1. e4 c5 2. Nf3 Nc6 3. Bb5 e5 4. 0-0 Bd6 5. c3 a6 6. Bxc6 dxc6 7. d4 exd4 8. cxd4 Bg4 9. dxc5 Bxc5 10. Qc2 Qe7 11. Nbd2 0-0-0 12. b3 Nf6 13. e5 Nd5 14. h3 Bxf3 15. Nxf3 Kb8 16. a3 Bb6 17. Re1 h6 18. Re4 Rhe8 19. Bb2 f5 20. Rc4 g5 21. a4 Qe6 22. Nd4 Bxd4 23. Bxd4 f4 24. Qe2 Qf5 25. Qf3 Nc7 1/2-1/2

[Event "MNT World Cup Qual"]
[Site "Niksic"]
[Date "2023.06.03"]
[Round "1.4"]
[White "Blagojevic, Dragisa"]
[Black "Draskovic, Luka"]
[Result "1-0"]
[WhiteElo "2472"]
[BlackElo "2504"]
[PlyCount "73"]
[EventDate "2023.06.02"]
[EventType "k.o."]
[EventRounds "3"]
[EventCountry "MNE"]
[SourceTitle "CBM 214 Extra"]
[Source "ChessBase"]
[SourceDate "2023.07.31"]
[SourceVersion "1"]
[SourceVersionDate "2023.07.31"]
[SourceQuality "1"]

1. d4 Nf6 2. c4 g6 3. Nf3 Bg7 4. g3 0-0 5. Bg2 d6 6. Nc3 Nc6 7. d5 Na5 8. b3 c5 9. Bb2 a6 10. 0-0 Rb8 11. Nd2 b5 12. Qc1 bxc4 13. bxc4 Rb4 14. Nd1 Rb8 15. Bc3 Nd7 16. Bxg7 Kxg7 17. Qc3+ Kg8 18. Ne3 Nf6 19. Rab1 Rxb1 20. Rxb1 Bd7 21. Qb2 Qc7 22. Bf3 h5 23. h4 Ra8 24. Ne4 Nxe4 25. Bxe4 Ra7 26. Qa3 Nb7 27. Qd3 Kg7 28. Qc3+ Kg8 29. Ng2 Nd8 30. Nf4 Be8 31. Qf3 Rb7 32. Rxb7 Qxb7 33. Nxh5 gxh5 34. Qxh5 Qb2 35. Qg4+ Kh8 36. Qc8 Qb6 37. Qf5 1-0

[Event "MNT World Cup Qual"]
[Site "Niksic"]
[Date "2023.06.03"]
[Round "1.5"]
[White "Blagojevic, Dragisa"]
[Black "Draskovic, Luka"]
[Result "1-0"]
[WhiteElo "2472"]
[BlackElo "2504"]
[PlyCount "165"]
[EventDate "2023.06.02"]
[EventType "k.o."]
[EventRounds "3"]
[EventCountry "MNE"]
[SourceTitle "CBM 214 Extra"]
[Source "ChessBase"]
[SourceDate "2023.07.31"]
[SourceVersion "1"]
[SourceVersionDate "2023.07.31"]
[SourceQuality "1"]

1. d4 g6 2. c4 Bg7 3. Nf3 d6 4. Nc3 e5 5. dxe5 dxe5 6. Qxd8+ Kxd8 7. Bd2 f6 8. 0-0-0 Nd7 9. g4 Ne7 10. g5 f5 11. h4 e4 12. Nh2 c6 13. f3 exf3 14. Nxf3 Ke8 15. Bg2 Ne5 16. Nxe5 Bxe5 17. e4 f4 18. Rdf1 Be6 19. b3 Rf8 20. Ne2 Rd8 21. Bxf4 Bg7 22. Bd2 Rxf1+ 23. Rxf1 Nc8 24. Bc3 Bxc3 25. Nxc3 Rd3 26. Rf3 Rxf3 27. Bxf3 Nd6 28. Kd2 Nf7 29. Ke3 Ne5 30. Ne2 Ke7 31. Nf4 Kd6 32. Be2 Bf7 33. Kd4 b6 34. Ke3 a5 35. Ng2 a4 36. Ne1 axb3 37. axb3 Bg8 38. Nc2 Bf7 39. Nd4 Be6 40. Nc2 Bf7 41. Nb4 b5 42. cxb5 cxb5 43. Bxb5 Bxb3 44. Be2 Be6 45. Kf4 Nd7 46. Nd3 Bc4 47. Nc1 Be6 48. Bb5 Ne5 49. Ne2 Nf7 50. Nd4 Ne5 51. Be2 Bd7 52. Bb5 Be6 53. Be2 Bd7 54. Nc2 Be6 55. Ne3 Bf7 56. Ng4 Nxg4 57. Bxg4 Ke7 58. Ke5 Bg8 59. Bc8 Bc4 60. Bb7 Be2 61. Bd5 Bd1 62. Bg8 Kf8 63. Bc4 Ke7 64. Bd5 Be2 65. Bg8 Kf8 66. Bb3 Ke7 67. Ba2 Bd3 68. Bd5 Bc2 69. Kd4 Kf8 70. e5 Ke7 71. Kc5 Ba4 72. Bg8 Kf8 73. Bc4 Ke7 74. Bd5 Bd7 75. Bg8 Kf8 76. Kd6 Be8 77. Bd5 Bb5 78. e6 Be8 79. e7+ Kg7 80. Bc6 Kf7 81. Bxe8+ Kxe8 82. Ke6 h5 83. gxh6 1-0

[Event "MNT World Cup Qual"]
[Site "Niksic"]
[Date "2023.06.03"]
[Round "1.2"]
[White "Draskovic, Luka"]
[Black "Blagojevic, Dragisa"]
[Result "1/2-1/2"]
[WhiteElo "2504"]
[BlackElo "2472"]
[PlyCount "33"]
[EventDate "2023.06.02"]
[EventType "k.o."]
[EventRounds "3"]
[EventCountry "MNE"]
[SourceTitle "CBM 214 Extra"]
[Source "ChessBase"]
[SourceDate "2023.07.31"]
[SourceVersion "1"]
[SourceVersionDate "2023.07.31"]
[SourceQuality "1"]

1. c4 e6 2. g3 d5 3. Bg2 Nf6 4. d4 dxc4 5. Nf3 Bd7 6. Qc2 Bc6 7. Qxc4 Bd5 8. Qd3 Be4 9. Qd1 c5 10. Nc3 Bc6 11. 0-0 Nbd7 12. Re1 cxd4 13. Nxd4 Bxg2 14. Kxg2 Bb4 15. Qb3 Qb6 16. Nf3 0-0 17. Be3 1/2-1/2

[Event "MNT World Cup Qual"]
[Site "Niksic"]
[Date "2023.06.03"]
[Round "1.3"]
[White "Draskovic, Luka"]
[Black "Blagojevic, Dragisa"]
[Result "1-0"]
[WhiteElo "2504"]
[BlackElo "2472"]
[PlyCount "69"]
[EventDate "2023.06.02"]
[EventType "k.o."]
[EventRounds "3"]
[EventCountry "MNE"]
[SourceTitle "CBM 214 Extra"]
[Source "ChessBase"]
[SourceDate "2023.07.31"]
[SourceVersion "1"]
[SourceVersionDate "2023.07.31"]
[SourceQuality "1"]

1. e4 e5 2. Nf3 Nc6 3. Nc3 Nf6 4. Bb5 Bd6 5. d3 a6 6. Ba4 h6 7. a3 b5 8. Bb3 Bb7 9. Nd5 0-0 10. Bd2 Bc5 11. Nxf6+ Qxf6 12. Bd5 Nd8 13. Bxb7 Nxb7 14. 0-0 Nd8 15. Be3 Ne6 16. Qd2 d6 17. a4 Bxe3 18. fxe3 Qe7 19. axb5 axb5 20. Ra5 c6 21. Rfa1 Qb7 22. Qb4 Nc5 23. Nxe5 Rxa5 24. Rxa5 Qb6 25. Nf3 Nb7 26. Ra1 Qxe3+ 27. Kh1 Nc5 28. Qd4 Qe2 29. Qc3 Rc8 30. Nd4 Qf2 31. Nf5 Ne6 32. Ne7+ Kh7 33. Nxc8 Nf4 34. Rg1 Nh3 35. Qe1 1-0

[Event "MNT-chT"]
[Site "Herceg Novi"]
[Date "2023.05.07"]
[Round "8.5"]
[White "Skvortsov, Andrei"]
[Black "Draskovic, Luka"]
[Result "1/2-1/2"]
[WhiteElo "2313"]
[BlackElo "2504"]
[PlyCount "87"]
[EventDate "2023.05.01"]
[EventType "team-tourn"]
[EventRounds "9"]
[EventCountry "MNE"]
[SourceTitle "CBM 214 Extra"]
[Source "ChessBase"]
[SourceDate "2023.07.31"]
[SourceVersion "1"]
[SourceVersionDate "2023.07.31"]
[SourceQuality "1"]
[WhiteTeam "Dama"]
[BlackTeam "Elektroprivreda"]
[WhiteTeamCountry "MNE"]
[BlackTeamCountry "MNE"]

1. e4 c5 2. Nf3 d6 3. Bb5+ Bd7 4. Bxd7+ Qxd7 5. 0-0 Nf6 6. Re1 Nc6 7. c3 e6 8. d4 cxd4 9. cxd4 d5 10. e5 Ne4 11. Nbd2 Nxd2 12. Bxd2 Be7 13. Rc1 0-0 14. Re3 Rac8 15. Rec3 f5 16. exf6 Bxf6 17. Be3 Ne7 18. Rxc8 Rxc8 19. Rxc8+ Qxc8 20. g4 Nc6 21. h3 Qf8 22. Qe2 h6 23. Kg2 Kf7 24. a3 Qd8 25. Qb5 Qc7 26. Qc5 Qe7 27. Qc2 Kg8 28. b4 a6 29. Qg6 Qf7 30. Qd3 Qc7 31. h4 Qf7 32. Kg3 e5 33. dxe5 Bxe5+ 34. Nxe5 Nxe5 35. Qe2 Nc6 36. Qf3 Qe6 37. Bc5 d4 38. h5 Qe5+ 39. Kg2 Qe8 40. Qd5+ Qf7 41. Qd6 Qe8 42. Qd5+ Qf7 43. Qd6 Qe8 44. Qd5+ 1/2-1/2

[Event "MNT-chT"]
[Site "Herceg Novi"]
[Date "2023.05.03"]
[Round "4.4"]
[White "Draskovic, Luka"]
[Black "Iljin, Artem"]
[Result "1/2-1/2"]
[WhiteElo "2504"]
[BlackElo "2506"]
[PlyCount "91"]
[EventDate "2023.05.01"]
[EventType "team-tourn"]
[EventRounds "9"]
[EventCountry "MNE"]
[SourceTitle "CBM 214 Extra"]
[Source "ChessBase"]
[SourceDate "2023.07.31"]
[SourceVersion "1"]
[SourceVersionDate "2023.07.31"]
[SourceQuality "1"]
[WhiteTeam "Elektroprivreda"]
[BlackTeam "Crnogorac"]
[WhiteTeamCountry "MNE"]
[BlackTeamCountry "MNE"]

1. e4 c5 2. Nc3 e6 3. Nge2 a6 4. g3 b5 5. Bg2 Bb7 6. 0-0 b4 7. Na4 Nf6 8. d3 d5 9. Bg5 dxe4 10. Bxe4 Nc6 11. c3 Rc8 12. Bxf6 gxf6 13. d4 f5 14. Bg2 cxd4 15. Nxd4 Bg7 16. Nc5 Ba8 17. Ndxe6 fxe6 18. Qh5+ Ke7 19. Rad1 Qe8 20. Rd7+ Kf8 21. Qg5 Rg8 22. Re1 Ne5 23. Rxe5 Rxc5 24. Rxg7 Rxg7 25. Qf6+ Qf7 26. Qd8+ Qe8 27. Qd6+ Qe7 28. Qxc5 Bxg2 29. Kxg2 Qxc5 30. Rxc5 bxc3 31. Rc8+ Ke7 32. Rxc3 Kf6 33. Rc6 Rb7 34. b3 a5 35. Rc4 Rb5 36. Kf3 Rd5 37. Ke2 h6 38. Rh4 Kg5 39. Ra4 e5 40. b4 axb4 41. Rxb4 e4 42. a4 Rd3 43. Rb6 Ra3 44. Ra6 Ra2+ 45. Ke3 Ra3+ 46. Ke2 1/2-1/2

[Event "EU-ch 23rd"]
[Site "Vrnjacka Banja"]
[Date "2023.03.11"]
[Round "9"]
[White "Ivanchuk, Vassily"]
[Black "Draskovic, Luka"]
[Result "1/2-1/2"]
[WhiteElo "2664"]
[BlackElo "2510"]
[PlyCount "39"]
[EventDate "2023.03.03"]
[EventType "swiss"]
[EventRounds "11"]
[EventCountry "SRB"]
[SourceTitle "CBM 213"]
[Source "ChessBase"]
[SourceDate "2023.04.30"]
[SourceVersion "1"]
[SourceVersionDate "2023.04.30"]
[SourceQuality "1"]

1. e4 d6 2. d4 Nf6 3. Nc3 e5 4. Nf3 Nbd7 5. Bc4 Be7 6. a4 0-0 7. 0-0 c6 8. h3 h6 9. Re1 Re8 10. Be3 exd4 11. Bxd4 Nf8 12. Bf1 Ng6 13. g3 Be6 14. Bg2 d5 15. exd5 Nxd5 16. Nxd5 Bxd5 17. c3 Qd7 18. Ne5 Nxe5 19. Bxe5 Rad8 20. Bxd5 1/2-1/2

[Event "EU-ch 23rd"]
[Site "Vrnjacka Banja"]
[Date "2023.03.10"]
[Round "8"]
[White "Draskovic, Luka"]
[Black "Arsovic, Zoran"]
[Result "1-0"]
[WhiteElo "2510"]
[BlackElo "2390"]
[PlyCount "83"]
[EventDate "2023.03.03"]
[EventType "swiss"]
[EventRounds "11"]
[EventCountry "SRB"]
[SourceTitle "CBM 213"]
[Source "ChessBase"]
[SourceDate "2023.04.30"]
[SourceVersion "1"]
[SourceVersionDate "2023.04.30"]
[SourceQuality "1"]

1. e4 c5 2. Nf3 d6 3. d4 cxd4 4. Nxd4 Nf6 5. Nc3 Nc6 6. Bg5 e6 7. Bb5 Qb6 8. Bxf6 gxf6 9. Qd2 Bd7 10. Nb3 h5 11. 0-0-0 a6 12. Bd3 Ne5 13. f4 Rc8 14. Kb1 Nc4 15. Bxc4 Rxc4 16. Rhf1 Qc7 17. Qd3 b5 18. a3 Be7 19. Rf3 h4 20. Rh3 Qb6 21. Qe2 Rc7 22. Qe1 a5 23. Rxh4 Rg8 24. g3 b4 25. axb4 axb4 26. Na2 Rc4 27. Rh5 e5 28. f5 Bc6 29. Nd2 Rd4 30. Nc1 Rg4 31. Ncb3 Rgxe4 32. Nxe4 Rxd1+ 33. Qxd1 Bxe4 34. g4 Qe3 35. Rh8+ Kd7 36. Qf1 Qb6 37. Qc4 Qc6 38. Qxc6+ Bxc6 39. h4 Bf3 40. Rg8 e4 41. h5 e3 42. Nd4 1-0

[Event "EU-ch 23rd"]
[Site "Vrnjacka Banja"]
[Date "2023.03.08"]
[Round "6"]
[White "Draskovic, Luka"]
[Black "Sukovic, Andrej"]
[Result "1-0"]
[WhiteElo "2510"]
[BlackElo "2322"]
[PlyCount "49"]
[EventDate "2023.03.03"]
[EventType "swiss"]
[EventRounds "11"]
[EventCountry "SRB"]
[SourceTitle "CBM 213"]
[Source "ChessBase"]
[SourceDate "2023.04.30"]
[SourceVersion "1"]
[SourceVersionDate "2023.04.30"]
[SourceQuality "1"]

1. Nf3 Nf6 2. g3 b5 3. Bg2 Bb7 4. d3 d5 5. Nbd2 Nbd7 6. 0-0 e6 7. e4 Bd6 8. Qe2 Bb4 9. e5 Ng8 10. Nb3 c6 11. a4 a6 12. Be3 Nh6 13. axb5 axb5 14. Bxh6 gxh6 15. Qe3 Bf8 16. Rxa8 Bxa8 17. Ra1 Bg7 18. Nc5 0-0 19. Rxa8 Qxa8 20. Nxd7 Qa1+ 21. Bf1 Ra8 22. Qc5 h5 23. Qxc6 h6 24. h4 Kh7 25. d4 1-0

[Event "EU-ch 23rd"]
[Site "Vrnjacka Banja"]
[Date "2023.03.06"]
[Round "4"]
[White "Draskovic, Luka"]
[Black "Pasti, Aron"]
[Result "1/2-1/2"]
[WhiteElo "2510"]
[BlackElo "2378"]
[PlyCount "74"]
[EventDate "2023.03.03"]
[EventType "swiss"]
[EventRounds "11"]
[EventCountry "SRB"]
[SourceTitle "CBM 213"]
[Source "ChessBase"]
[SourceDate "2023.04.30"]
[SourceVersion "1"]
[SourceVersionDate "2023.04.30"]
[SourceQuality "1"]

1. c4 e5 2. g3 Nf6 3. Bg2 d5 4. cxd5 Nxd5 5. Nf3 Nc6 6. 0-0 Nb6 7. b3 Bd6 8. Bb2 0-0 9. Nc3 Re8 10. d3 Bf8 11. Rc1 f6 12. Nd2 Nd4 13. e3 Ne6 14. Nc4 c6 15. Qh5 Bd7 16. Rfd1 Ng5 17. Ne4 Nxe4 18. Bxe4 g6 19. Qe2 Qc8 20. Bg2 Bg4 21. f3 Be6 22. Nd2 Nd7 23. Ne4 Qd8 24. d4 f5 25. Nf2 exd4 26. Bxd4 Qe7 27. e4 fxe4 28. Nxe4 Bd5 29. Qb2 Bxe4 30. fxe4 Ne5 31. Bxe5 Qxe5 32. Qxe5 Rxe5 33. Rd7 Re7 34. Rcd1 Rae8 35. Kf1 Rxd7 36. Rxd7 Re7 37. Rxe7 Bxe7 1/2-1/2

[Event "MNT-ch 75th"]
[Site "Podgorica"]
[Date "2023.02.05"]
[Round "1"]
[White "Mandic, Stefan"]
[Black "Draskovic, Luka"]
[Result "0-1"]
[WhiteElo "1992"]
[BlackElo "2509"]
[PlyCount "50"]
[EventDate "2023.02.05"]
[EventType "swiss"]
[EventRounds "9"]
[EventCountry "MNE"]
[SourceTitle "CBM 212 Extra"]
[Source "ChessBase"]
[SourceDate "2023.03.31"]
[SourceVersion "1"]
[SourceVersionDate "2023.03.31"]
[SourceQuality "1"]

1. e4 c5 2. Nf3 Nc6 3. d4 cxd4 4. Nxd4 Nf6 5. Nc3 d6 6. Bg5 e6 7. Bc4 Be7 8. Nb3 0-0 9. f4 h6 10. h4 d5 11. exd5 exd5 12. Bxf6 dxc4 13. Qxd8 Bxd8 14. Bxd8 Re8+ 15. Kf2 cxb3 16. Bc7 bxc2 17. Nd5 Be6 18. Ne3 Rac8 19. Bd6 Rcd8 20. Be5 Nb4 21. Kf3 f6 22. Bc3 Nxa2 23. Rxa2 Bxa2 24. Nxc2 Bd5+ 25. Kf2 Bxg2 0-1

[Event "Mittelfranken Landesliga Sued 2223"]
[Site "Mittelfranken"]
[Date "2022.12.11"]
[Round "4.1"]
[White "Draskovic, Luka"]
[Black "Ankerst, Mihael"]
[Result "1-0"]
[WhiteElo "2498"]
[BlackElo "2373"]
[PlyCount "69"]
[EventDate "2022.10.09"]
[EventType "team-tourn"]
[EventRounds "9"]
[EventCountry "GER"]
[SourceTitle "EXT 2024"]
[Source "ChessBase"]
[SourceDate "2023.10.10"]
[SourceVersion "1"]
[SourceVersionDate "2023.10.10"]
[SourceQuality "1"]
[WhiteTeam "Augsburg SF"]
[BlackTeam "Bayern Muenchen III"]
[WhiteTeamCountry "GER"]
[BlackTeamCountry "GER"]

1. e4 c5 2. Nc3 Nc6 3. Nge2 e6 4. g3 Nf6 5. Bg2 Be7 6. 0-0 0-0 7. h3 a6 8. d3 Rb8 9. f4 d5 10. g4 d4 11. Nb1 b5 12. Nd2 Bb7 13. Ng3 Nd7 14. e5 Nb6 15. Nde4 Nd5 16. g5 Kh8 17. Qh5 Ncb4 18. Rf2 Ne3 19. Bxe3 dxe3 20. Re2 c4 21. d4 Nd5 22. Rf1 b4 23. Qh4 Bc8 24. f5 exf5 25. Nxf5 Bxf5 26. Rxf5 Rb6 27. Nd6 Bxd6 28. Bxd5 Be7 29. Bxf7 g6 30. Rf3 Bxg5 31. Qe4 c3 32. b3 Rb5 33. e6 Kg7 34. Rg2 Bf6 35. Rxg6+ 1-0

[Event "Skopje op"]
[Site "Skopje"]
[Date "2022.10.24"]
[Round "5"]
[White "Draskovic, Luka"]
[Black "Demchenko, Anton"]
[Result "1/2-1/2"]
[WhiteElo "2492"]
[BlackElo "2645"]
[PlyCount "61"]
[EventDate "2022.10.21"]
[EventType "swiss"]
[EventRounds "9"]
[EventCountry "MKD"]
[SourceTitle "EXT 2024"]
[Source "ChessBase"]
[SourceDate "2023.10.10"]
[SourceVersion "1"]
[SourceVersionDate "2023.10.10"]
[SourceQuality "1"]

1. Nf3 Nf6 2. g3 g6 3. Bg2 Bg7 4. 0-0 0-0 5. c4 d6 6. d4 Nbd7 7. Nc3 e5 8. e4 exd4 9. Nxd4 Nc5 10. h3 Re8 11. Re1 a5 12. Ndb5 Bd7 13. Bf4 Bxb5 14. cxb5 Nfd7 15. Qc2 h5 16. Be3 Bxc3 17. Qxc3 Nxe4 18. Qd4 Ndc5 19. Rad1 Qf6 20. Qxf6 Nxf6 21. Bxc5 dxc5 22. Bxb7 Rxe1+ 23. Rxe1 Rd8 24. Rc1 Rd2 25. Rxc5 Rxb2 26. a4 Ne8 27. Bc6 Nf6 28. Bf3 Ne8 29. Bc6 Nf6 30. Bf3 Ne8 31. Bc6 1/2-1/2